Fr. Conceicao Rodrigues College of Engineering

Mastering Visual Foxpro 3 (Record no. 35268)

MARC details
000 -LEADER
fixed length control field 00312nam a2200157Ia 4500
082 ## - DEWEY DECIMAL CLASSIFICATION NUMBER
Classification number 5.133
Item number SIE
100 ## - MAIN ENTRY--PERSONAL NAME
Personal name Siegel/Charles
250 ## - EDITION STATEMENT
Edition statement 3
245 ## - TITLE STATEMENT
Title Mastering Visual Foxpro 3
260 ## - PUBLICATION, DISTRIBUTION, ETC.
Name of publisher, distributor, etc. B.P.B
Date of publication, distribution, etc. 1995
300 ## - PHYSICAL DESCRIPTION
Extent 1089
546 ## - LANGUAGE NOTE
Language note ENGLISH
654 ## - SUBJECT ADDED ENTRY--FACETED TOPICAL TERMS
Focus term Computer
942 ## - ADDED ENTRY ELEMENTS (KOHA)
Koha item type BOOK
Holdings
Withdrawn status Lost status Damaged status Not for loan Collection Home library Current library Shelving location Date acquired Total Checkouts Full call number Barcode Date last seen Price effective from Koha item type
        CRC Fr. Agnel's C.Rodrigues College of Engineering Fr. Agnel's C.Rodrigues College of Engineering   17/03/2023   5.133 SIE 9801 17/03/2023 17/03/2023 BOOK